000 00558nam a2200193Ia 4500
999 _c7997
_d7997
003 OSt
005 20201008092923.0
008 190216s9999||||xx |||||||||||||| ||und||
020 _a9780074631621
040 _coclc
082 _a004.67
_bHAH/I
100 _aHahn, Harley
_95420
245 4 _aThe Internet Complete Reference /
_cHarley Hahn
250 _a2nd Ed.
260 _bTata Mcgraw Hill Publishing Company Ltd,
_c2011.
_aNew Delhi:
300 _a802p
650 _aCommerce
942 _cBK
_2ddc
_h004.67
_iHAH/I
_k004.67
_mHAH/I